illustrated classics (Record no. 8482)
[ view plain ]
| 000 -LEADER | |
|---|---|
| fixed length control field | 01035nam a22002057a 4500 |
| 003 - CONTROL NUMBER IDENTIFIER | |
| control field | OSt |
| 005 - DATE AND TIME OF LATEST TRANSACTION | |
| control field | 20260223004114.0 |
| 008 - FIXED-LENGTH DATA ELEMENTS--GENERAL INFORMATION | |
| fixed length control field | 260223b |||||||| |||| 00| 0 eng d |
| 020 ## - INTERNATIONAL STANDARD BOOK NUMBER | |
| International Standard Book Number | 9788184082050 |
| 040 ## - CATALOGING SOURCE | |
| Original cataloging agency | DWCL GS library |
| Transcribing agency | OC |
| 082 ## - DEWEY DECIMAL CLASSIFICATION NUMBER | |
| Classification number | Fic. D548 2008 |
| 100 ## - MAIN ENTRY--PERSONAL NAME | |
| Personal name | Dickens, Charles |
| 245 ## - TITLE STATEMENT | |
| Title | illustrated classics |
| Statement of responsibility, etc. | Charles Dicken |
| Remainder of title | great expectations |
| 260 ## - PUBLICATION, DISTRIBUTION, ETC. | |
| Place of publication, distribution, etc. | Ansari Road, Darya Ganj |
| Name of publisher, distributor, etc. | Indiana publishing house |
| Date of publication, distribution, etc. | c2008 |
| 300 ## - PHYSICAL DESCRIPTION | |
| Extent | 238 |
| Other physical details | illustrations |
| Dimensions | 22cm |
| 520 ## - SUMMARY, ETC. | |
| Summary, etc. | Great Expectations is a coming-of-age story about Pip, an orphan who goes from poverty to wealth, guided by a mysterious benefactor, only to learn his fortune comes from a convict he once helped, shattering his dreams of marrying the cold Estella and leading him to discover true worth in friendship and integrity over social status, as explored through themes of ambition, class, love, and moral growth. |
| 546 ## - LANGUAGE NOTE | |
| Language note | English |
| 700 ## - ADDED ENTRY--PERSONAL NAME | |
| Personal name | Charles Dickens |
| 942 ## - ADDED ENTRY ELEMENTS (KOHA) | |
| Source of classification or shelving scheme | Dewey Decimal Classification |
| Koha item type | Fiction |
| Classification part | Fic. D548 2008 |
| Suppress in OPAC | No |
| 952 ## - LOCATION AND ITEM INFORMATION (KOHA) | |
| -- | |
| 952 ## - LOCATION AND ITEM INFORMATION (KOHA) | |
| -- | |
| Withdrawn status | Lost status | Source of classification or shelving scheme | Damaged status | Not for loan | Home library | Current library | Shelving location | Date acquired | Source of acquisition | Total Checkouts | Full call number | Barcode | Date last seen | Price effective from | Koha item type | Uniform Resource Identifier |
|---|---|---|---|---|---|---|---|---|---|---|---|---|---|---|---|---|
| Dewey Decimal Classification | Grade School Library | Grade School Library | Fiction | 02/23/2026 | School Fund, Donation | Fic. D548 2008 | 20485 | 02/23/2026 | 02/23/2026 | FIC. | ||||||
| Dewey Decimal Classification | Grade School Library | Grade School Library | Fiction | 02/23/2026 | School Fund, Donation | Fic. D548i 2009 | 19615 | 02/23/2026 | 02/23/2026 | FIC. |